Klicke die Länder auf einer grenzenlosen Karte an #2 - Statistiken

Allgemein
  • Dieses Quiz wurde 11.376 mal gespielt
  • Das Durchschnittsergebnis liegt bei 17 aus 25
Antworten auf der Karte
Die Antworten werden auf der Karte rot bzw. grün angezeigt, abhängig davon wie oft sie richtig erraten wurden.
 
Antwortstatistiken
Antwort % Korrekt
Kanada
98%
Japan
96%
Australien
94%
Frankreich
85%
Finnland
83%
Thailand
81%
Griechenland
80%
Saudi-Arabien
80%
Algerien
79%
China
79%
Indonesien
79%
Venezuela
79%
Argentinien
77%
Dänemark
76%
Somalia
72%
Pakistan
66%
Bahamas
64%
Peru
45%
Komoren
44%
Polen
44%
Mosambik
42%
Malediven
41%
Demokratische Republik Kongo
40%
Fidschi
36%
Barbados
26%
Keine übereinstimmenden Quizze gefunden
Verteilung der Resultate
Anzahl Personen mit jedem Resultat
Perzentil nach korrekt beantworteten Fragen
Ihre Resultats-Entwicklung
Sie haben dieses Quiz noch nicht gespielt